Lèxic de bioquímica: Català, castellà, anglès (Registre núm. 59366)
[ vista simple ]
| 000 -LEADER | |
|---|---|
| campo de control de longitud fija | 01025aam a2200373a 44500 |
| 008 - DATOS DE LONGITUD FIJA--INFORMACIÓN GENERAL | |
| campo de control de longitud fija | 000627s2000 cat |
| 017 ## - NÚMERO DE COPYRIGHT O DE DEPÓSITO LEGAL | |
| Número de copyright o de depósito legal | PM-870-2000 |
| 020 ## - NÚMERO INTERNACIONAL ESTÁNDAR DEL LIBRO | |
| Número Internacional Estándar del Libro | 8476325878 |
| 041 ## - CÓDIGO DE IDIOMA | |
| Código de lengua del texto/banda sonora o título independiente | cat |
| 041 ## - CÓDIGO DE IDIOMA | |
| Llengües tractades | eng |
| 041 ## - CÓDIGO DE IDIOMA | |
| Llengües tractades | spa |
| 080 ## - NÚMERO DE LA CLASIFICACIÓN DECIMAL UNIVERSAL | |
| Número de la Clasificación Decimal Universal | 577(038) |
| 100 ## - ENTRADA PRINCIPAL--NOMBRE DE PERSONA | |
| Nombre de persona | Ramon Andreu, M.M. |
| 9 (RLIN) | 67439 |
| 245 ## - MENCIÓN DEL TÍTULO | |
| Título | Lèxic de bioquímica: Català, castellà, anglès |
| Mención de responsabilidad, etc. | M. Magdalena Ramon Andreu |
| 260 ## - PUBLICACIÓN, DISTRIBUCIÓN, ETC. | |
| Lugar de publicación, distribución, etc. | Palma |
| Nombre del editor, distribuidor, etc. | Universitat de les Illes Balears |
| Fecha de publicación, distribución, etc. | 2000 |
| 300 ## - DESCRIPCIÓN FÍSICA | |
| Extensión | 105 p. |
| Dimensiones | 20 cm. |
| 490 ## - MENCIÓN DE SERIE | |
| Mención de serie | LB; |
| Designación de volumen o secuencia | 2 |
| 500 ## - NOTA GENERAL | |
| Nota general | Categoria gramatical, sinònims, remissions |
| 500 ## - NOTA GENERAL | |
| Nota general | Índexs. Bibliografia |
| 520 ## - RESUMEN, ETC. | |
| Nombre de termes | 1.025 |
| 591 ## - Codi de font | |
| Codi de font | 6607 |
| 592 ## - Tipus obra | |
| Tipus d'obra | Obra terminològica |
| 593 ## - Codi CGAT | |
| Codi de la CGAT | DAB |
| 594 ## - Número de document | |
| Número de document | 6607 |
| 650 ## - PUNTO DE ACCESO ADICIONAL DE MATERIA--TÉRMINO DE MATERIA | |
| Término de materia o nombre geográfico como elemento de entrada | bioquímica |
| 9 (RLIN) | 62017 |
| 830 ## - PUNTO DE ACCESO ADICIONAL DE SERIE-TÍTULO UNIFORME | |
| Título uniforme | LB; |
| Designación de volumen o secuencia | 2 |
| 9 (RLIN) | 64573 |
| 856 ## - LOCALIZACIÓN Y ACCESO ELECTRÓNICOS | |
| Identificador Uniforme de Recursos | <a href="https://cit.iec.cat/obresx.asp?obra=LBQCCA">https://cit.iec.cat/obresx.asp?obra=LBQCCA</a> |
| 901 ## - ELEMENTOS DE DATOS A LOCAL LDA (RLIN) | |
| c | <2000> |
| 902 ## - ELEMENTOS DE DATOS B LOCAL, LDB (RLIN) | |
| a | 000627 |
| 942 ## - ELEMENTOS DE ENTRADA SECUNDARIOS (KOHA) | |
| Tipo de ítem Koha | Monografia |
| Suprimir en OPAC | No |
| Fuente del sistema de clasificación o colocación | Clasificación Decimal Dewey |
| Estatus retirado | Estado de pérdida | Fuente del sistema de clasificación o colocación | Estado de daño | No para préstamo | Biblioteca de origen | Biblioteca actual | Fecha de adquisición | Total de préstamos | Signatura topográfica completa | Código de barras | Visto por última vez | Identificador Uniforme de Recursos | Precio de reemplazo | Tipo de ítem Koha |
|---|---|---|---|---|---|---|---|---|---|---|---|---|---|---|
| ddc | TERMCAT | TERMCAT | 27/06/2000 | BF 8 | 08438 | 30/09/2021 | https://cit.iec.cat/obresx.asp?obra=LBQCCA | 30/09/2021 | MO |